000 00823nam a2200193 a 4500
001 14637
003 CO-ViMGA
008 141112s2004 ck r 000 u spa d
040 _aCO-ViMGA
_bspa
_cCO-ViMGA
082 0 4 _a338.9 C656d
110 _aMindesarrollo
_921353
245 1 0 _aPolítica industrial para una Economía en reactivación
260 _aSta Fe de Bogotá.Uricoechea publicidad.2000
300 _a95.p.il.
505 _aEl estado y la política industrial. - las lecciones del pasado. - La necesidad de una política industrial. - Comportamiento y estructura de la industria Colombiana. - Principales componentes de una política industrial moderna. - Coordinación con otras políticas e instituciones.
650 1 4 _aEconomía COLOMBIANA
_952813
650 1 4 _aPolítica INDUSTRIAL
_921354
942 _2ddc
_cBK
999 _c25188
_d25188